国家一级博物馆(华中华南篇)China national first-class museums - Statistics

General Stats
  • This quiz has been taken 36 times
    21 since last reset
  • The average score is 26 of 58
Answer Stats
省份 地市 国家一级博物馆 % Correct
河南 郑州 河南博物院
90%
河南 ** 郑州博物馆
90%
河南 ** 洛阳博物馆
90%
河南 ** 安阳博物馆
90%
湖北 武汉 湖北省博物馆
85%
湖北 ** 武汉博物馆
85%
河南 ** 南阳市博物馆
80%
湖南 长沙 湖南博物院
80%
广东 广州 广东省博物馆
80%
湖南 ** 长沙市博物馆
75%
广东 ** 广州博物馆
75%
广西 南宁 广西壮族自治区博物馆
70%
广西 ** 南宁市博物馆
70%
河南 ** 开封市博物馆
65%
湖南 湘潭 韶山毛泽东故居纪念馆
65%
湖南 ** 株洲市博物馆
65%
海南 海口 海南省博物馆
65%
河南 安阳 中国文字博物馆
60%
湖北 ** 荆州博物馆
60%
湖北 ** 襄阳市博物馆
50%
广东 中山 孙中山故居纪念馆
50%
广东 ** 深圳博物馆
50%
广东 梅州 广东中国客家博物馆
50%
湖北 ** 随州市博物馆
45%
广西 ** 桂林博物馆
45%
海南 *琼海 中国(海南)南海博物馆
45%
湖北 ** 宜昌博物馆
40%
湖北 ** 鄂州市博物馆
40%
湖北 ** 恩施土家族苗族自治州博物馆
40%
河南 ** 平顶山博物馆
35%
河南 洛阳 二里头夏都遗址博物馆
35%
广东 ** 江门市博物馆
35%
广西 柳州 柳州工业博物馆
35%
河南 南阳 南阳汉画馆
30%
河南 信阳 鄂豫皖苏区首府革命博物馆
30%
河南 信阳 鄂豫皖革命纪念馆
30%
湖北 武汉 辛亥革命武昌起义纪念馆
30%
广东 东莞 鸦片战争博物馆
30%
广东 阳江 广东海上丝绸之路博物馆
30%
广东 广州 辛亥革命纪念馆
30%
广西 南宁 广西民族博物馆
30%
河南 洛阳 洛阳古墓博物馆
25%
湖南 长沙 长沙简牍博物馆
25%
广东 广州 西汉南越王博物馆
25%
湖北 武汉 武汉市中山舰博物馆
20%
湖南 长沙 刘少奇故居纪念馆
20%
湖南 株洲 醴陵市博物馆
20%
广东 广州 广东民间工艺博物馆
20%
广东 广州 广州艺术博物院
20%
广东 广州 孙中山大元帅府纪念馆
20%
广东 佛山 佛山市祖庙博物馆
20%
河南 郑州 河南自然博物馆
15%
湖北 武汉 武汉革命博物馆
15%
湖北 武汉 长江文明馆
15%
湖南 长沙 胡耀邦同志纪念馆
15%
湖南 长沙 湖南省地质博物馆
10%
湖南 长沙 秋收起义文家市会师纪念馆
10%
广东 广州 广东革命历史博物馆(广州近代史博物馆)
10%
No matching quizzes found
Score Distribution
Percent of People with Each Score
Percentile by Number Answered
Your Score History
You have not taken this quiz since the last reset